00738nam a2200217Ia 4500003000900000008004100009040001600050080001500066100003300081245008100114260003500195300001600230650003400246650001900280650003400299700002200333700002700355942000700382999001500389952011600404IN-BaIIA211028s9999 xx 000 0 eng d cIIA Library a53.08bBUR aBurr, Adrian Alexander96431 0aMeasurements in applied physicscA. A. Burr, K. J. Dean and R. J. Trebilcock aLondonbChapman and Hallc1968 aviii, 228p. aElectrical measurements92382 aNASA Thesaurus aPhysical measurements.96432 aDean, K. J.96433 aTrebilcock, R. J96434 cBK c3627d3627 00104070aBANbBANcGENd1970-11-24g30.78l0o53.08/ BURp4049r2021-11-05v30.78w1970-11-24yBKGRs. 30.78